ბათუმის შოთა რუსთაველის სახელმწიფო უნივერსიტეტის ბიბლიოთეკა

პოლიტიკური კომუნიკაცია / (ბიბ.ჩანაწერი № 57834)

000 -ლიდერი
ფიქსირებული სიგრძის საკონტროლო ველი 01450nam a22002657a 4500
003 - საკონტროლო ნომრის იდენტიფიკატორი
საკონტროლო ველი Ge_BSU
005 - ბოლო ოპერაციის თარიღი და დრო
საკონტროლო ველი 20210223124742.0
008 - ფიქსირებული სიგრძის მონაცემთა ელემენტები - ზოგადი ინფორმაცია
ფიქსირებული სიგრძის საკონტროლო ველი 210223s2009 ge ||||| |||| 00| 0 geo d
020 ## - წიგნის საერთაშორისო სტანდარტული ნომერი
International Standard Book Number 9789941013850
041 ## - ენის კოდი
Language code of text/sound track or separate title geo
080 ## - უნივერსალური ათობითი კლასიფიკაციის ინდექსი
Universal Decimal Classification number 32.01 ჟ-62
100 ## - მთავარი ჩანაწერი - პიროვნების სახელი
Personal name ჟერსტლე, ჟაკ.
9 (RLIN) 10196
245 ## - ცნობა სათაურის შესახებ
Title პოლიტიკური კომუნიკაცია /
Statement of responsibility, etc ჟაკ ჟერსტლე ; [ფრანგ. თარგმნა ნ. ცქიტიშვილმა ; სამეცნ. რედ. მალხაზ მაცაბერიძე]. პოლიტოლოგიის ინ-ტი.
264 ## - წარმოების, გამოცემის, დისტრიბუციის და სხვა ცნობები
გამოცემის, წარმოების, დისტრიბუციის... ადგილი თბ. :
გამოცემის, წარმოების, დისტრიბუციის... სახელწოდება [საგამომც.-ანალიტ. ცენტრი "ახალი აზრი"],
გამოცემის, წარმოების, დისტრიბუციის... თარიღი 2009.
300 ## - ფიზიკური აღწერა
Extent 320გვ. :
Other physical details ცხრ. ;
Dimensions 20სმ.
504 ## - BIBLIOGRAPHY, ETC. NOTE
Bibliography, etc ბიბლიოგრ.: გვ. 292-312.
653 ## - INDEX TERM--UNCONTROLLED
Uncontrolled term პოლიტოლოგია
653 ## - INDEX TERM--UNCONTROLLED
Uncontrolled term სოციალური პოლიტიკა
653 ## - INDEX TERM--UNCONTROLLED
Uncontrolled term სოციალური კომუნიკაცია
653 ## - INDEX TERM--UNCONTROLLED
Uncontrolled term პოლიტიკური კომუნიკაცია
700 ## - ADDED ENTRY--PERSONAL NAME
Personal name ცქიტიშვილი, ნ.
Relator term მთარგმნელი
9 (RLIN) 10197
700 ## - ADDED ENTRY--PERSONAL NAME
Personal name მაცაბერიძე, მალხაზ
Relator term რედაქტორი
9 (RLIN) 1009
710 ## - ADDED ENTRY--CORPORATE NAME
Corporate name or jurisdiction name as entry element პოლიტოლოგიის ინ-ტი
9 (RLIN) 769
942 ## - ADDED ENTRY ELEMENTS (KOHA)
Source of classification or shelving scheme
Koha item type წიგნი
ეგზემპლარები
ჩამოწერის სტატუსი დაკარგული ეგზემპლარის სტატუსი კლასიფიკაციის წყარო ან თაროზე გაწყობის სქემა დაზიანების სტატუსი არ გაიცემა მუდმივი მდებარეობა (დაცვის ადგილი) ამჟამინდელი ადგილსამყოფელი თაროზე განთავსების ადგილი შეძენის თარიღი ღირებულება, შესყიდვის ნორმალური ფასი სრული შენახვის შიფრი შტრიხკოდი ბოლო ოპერაციის თარიღი ეგზემპლარის მიმდევრობითი ნომერი (კეტერი?) ფასის ძალაში შესვლის თარიღი ეგზემპლარის სახეობა საჯარო შენიშვნა
          ბათუმის შოთა რუსთაველის სახელმწიფო უნივერსიტეტის მთავარი ბიბლიოთეკა ბათუმის შოთა რუსთაველის სახელმწიფო უნივერსიტეტის მთავარი ბიბლიოთეკა წიგნსაცავი 2021-02-23 15.00 32.01 ჟ-62 28745 2021-02-23 28745 2021-02-23 წიგნი 15 ლ.